Govt. of
Madhya Pradesh

हिन्‍दी उपन्‍यास और सर्वहारा वर्ग (Record no. 11180)

MARC details
000 -LEADER
fixed length control field 005900000a22001810004500
003 - CONTROL NUMBER IDENTIFIER
control field MACL
005 - DATE AND TIME OF LATEST TRANSACTION
control field 20160429133204.0
008 - FIXED-LENGTH DATA ELEMENTS--GENERAL INFORMATION
fixed length control field 160429b xxu||||| |||| 00| 0 eng d
040 ## - CATALOGING SOURCE
Original cataloging agency MACL
Transcribing agency MACL
041 ## - LANGUAGE CODE
Language code of text/sound track or separate title Hindi
082 ## - DEWEY DECIMAL CLASSIFICATION NUMBER
Classification number 800 RAY
100 ## - MAIN ENTRY--PERSONAL NAME
Personal name राय श्रीमती शकुन्‍तला
9 (RLIN) 54735
245 ## - TITLE STATEMENT
Title हिन्‍दी उपन्‍यास और सर्वहारा वर्ग
260 ## - PUBLICATION, DISTRIBUTION, ETC. (IMPRINT)
Name of publisher, distributor, etc. अनिल प्रकाशन
Date of publication, distribution, etc. 2006
Place of publication, distribution, etc. इलाहाबाद
350 ## - PRICE (NR) (BK AM CF MU VM SE) [OBSOLETE]
Price 250
650 ## - SUBJECT ADDED ENTRY--TOPICAL TERM
Topical term or geographic name as entry element Novel
9 (RLIN) 54736
942 ## - ADDED ENTRY ELEMENTS (KOHA)
Koha item type Hindi Books
Call number prefix 800/RAY/N
Source of classification or shelving scheme
Holdings
Withdrawn status Lost status Source of classification or shelving scheme Damaged status Not for loan Home library Current library Date acquired Cost, normal purchase price Total Checkouts Full call number Barcode Date last seen Uniform Resource Identifier Price effective from Koha item type
          MACL MACL 15/04/2015 250.00   800/RAY CRH020087 29/04/2015 11063 15/04/2015 Books